<?xml version="1.0" encoding="UTF-8"?>
<record
    xmlns:xsi="http://www.w3.org/2001/XMLSchema-instance"
    xsi:schemaLocation="http://www.loc.gov/MARC21/slim http://www.loc.gov/standards/marcxml/schema/MARC21slim.xsd"
    xmlns="http://www.loc.gov/MARC21/slim">

  <leader>00883nam a22002297a 4500</leader>
  <controlfield tag="005">20131202111552.0</controlfield>
  <datafield tag="010" ind1=" " ind2=" ">
    <subfield code="a">B-522036-045</subfield>
  </datafield>
  <datafield tag="020" ind1=" " ind2=" ">
    <subfield code="a">9788131912539</subfield>
    <subfield code="c">125.00</subfield>
  </datafield>
  <datafield tag="035" ind1=" " ind2=" ">
    <subfield code="a">B-522036-045</subfield>
  </datafield>
  <datafield tag="037" ind1=" " ind2=" ">
    <subfield code="b">BBB/Ven.</subfield>
    <subfield code="a">dpl</subfield>
  </datafield>
  <datafield tag="082" ind1=" " ind2=" ">
    <subfield code="a">546.6812</subfield>
  </datafield>
  <datafield tag="245" ind1=" " ind2=" ">
    <subfield code="a">Chemistry :</subfield>
    <subfield code="c">edited by Anil Kumar [and] Pallabi B. Tomar; iilustrated by Suman S. Roy [and] Tanoy Choudhury</subfield>
    <subfield code="b">carbon and its compounds /</subfield>
  </datafield>
  <datafield tag="260" ind1=" " ind2=" ">
    <subfield code="a">New Delhi</subfield>
    <subfield code="b">Pegasus and imprint of B. Jain Publishers</subfield>
    <subfield code="c">00??</subfield>
  </datafield>
  <datafield tag="270" ind1=" " ind2=" ">
    <subfield code="a">1921/10, Chuna Mandi, Paharganj,</subfield>
    <subfield code="b">New Delhi</subfield>
    <subfield code="e">110055</subfield>
  </datafield>
  <datafield tag="300" ind1=" " ind2=" ">
    <subfield code="a">31p. :</subfield>
    <subfield code="c">26cm(Hb)</subfield>
    <subfield code="b">col.ill.</subfield>
  </datafield>
  <datafield tag="490" ind1=" " ind2=" ">
    <subfield code="a">Pegasus encyclopedia library</subfield>
  </datafield>
  <datafield tag="500" ind1=" " ind2=" ">
    <subfield code="a">Includes index</subfield>
  </datafield>
  <datafield tag="700" ind1=" " ind2=" ">
    <subfield code="a">Tomar, Anil Kumar</subfield>
  </datafield>
  <datafield tag="700" ind1=" " ind2=" ">
    <subfield code="a">Tomar, Pallabi B.</subfield>
  </datafield>
  <datafield tag="942" ind1=" " ind2=" ">
    <subfield code="2">ddc</subfield>
    <subfield code="c">EN</subfield>
    <subfield code="m">CHE</subfield>
    <subfield code="h">546.6812</subfield>
  </datafield>
  <datafield tag="999" ind1=" " ind2=" ">
    <subfield code="c">79098</subfield>
    <subfield code="d">79098</subfield>
  </datafield>
  <datafield tag="952" ind1=" " ind2=" ">
    <subfield code="0">0</subfield>
    <subfield code="1">0</subfield>
    <subfield code="4">0</subfield>
    <subfield code="7">0</subfield>
    <subfield code="8">NFIC</subfield>
    <subfield code="a">L</subfield>
    <subfield code="b">L</subfield>
    <subfield code="d">2013-12-02</subfield>
    <subfield code="e">BBB/IN10452/28.03.2013/202/20.03.2013/28.03.2013</subfield>
    <subfield code="g">125.00</subfield>
    <subfield code="l">2</subfield>
    <subfield code="o">546.6812 CHE</subfield>
    <subfield code="p">B-522036</subfield>
    <subfield code="r">2018-07-03 00:00:00</subfield>
    <subfield code="s">2018-06-19</subfield>
    <subfield code="t">1</subfield>
    <subfield code="v">125.00</subfield>
    <subfield code="y">CH</subfield>
  </datafield>
  <datafield tag="952" ind1=" " ind2=" ">
    <subfield code="0">0</subfield>
    <subfield code="1">0</subfield>
    <subfield code="4">0</subfield>
    <subfield code="7">0</subfield>
    <subfield code="8">NFIC</subfield>
    <subfield code="a">BL1</subfield>
    <subfield code="b">BL1</subfield>
    <subfield code="d">2013-12-02</subfield>
    <subfield code="e">BBB/IN10452/28.03.2013/202/20.03.2013/28.03.2013</subfield>
    <subfield code="g">125.00</subfield>
    <subfield code="l">0</subfield>
    <subfield code="o">546.6812 CHE</subfield>
    <subfield code="p">B-522037</subfield>
    <subfield code="r">2013-12-02 00:00:00</subfield>
    <subfield code="t">1</subfield>
    <subfield code="v">125.00</subfield>
    <subfield code="y">CH</subfield>
  </datafield>
  <datafield tag="952" ind1=" " ind2=" ">
    <subfield code="0">0</subfield>
    <subfield code="1">0</subfield>
    <subfield code="4">0</subfield>
    <subfield code="7">0</subfield>
    <subfield code="8">NFIC</subfield>
    <subfield code="a">KGM</subfield>
    <subfield code="b">KGM</subfield>
    <subfield code="d">2013-12-02</subfield>
    <subfield code="e">BBB/IN10452/28.03.2013/202/20.03.2013/28.03.2013</subfield>
    <subfield code="g">125.00</subfield>
    <subfield code="l">1</subfield>
    <subfield code="o">546.6812 CHE</subfield>
    <subfield code="p">B-522038</subfield>
    <subfield code="r">2018-08-13 00:00:00</subfield>
    <subfield code="s">2018-08-09</subfield>
    <subfield code="t">1</subfield>
    <subfield code="v">125.00</subfield>
    <subfield code="y">CH</subfield>
  </datafield>
  <datafield tag="952" ind1=" " ind2=" ">
    <subfield code="0">0</subfield>
    <subfield code="1">0</subfield>
    <subfield code="4">0</subfield>
    <subfield code="7">0</subfield>
    <subfield code="8">NFIC</subfield>
    <subfield code="a">PR</subfield>
    <subfield code="b">PR</subfield>
    <subfield code="d">2013-12-02</subfield>
    <subfield code="e">BBB/IN10452/28.03.2013/202/20.03.2013/28.03.2013</subfield>
    <subfield code="g">125.00</subfield>
    <subfield code="l">6</subfield>
    <subfield code="o">546.6812 CHE</subfield>
    <subfield code="p">B-522039</subfield>
    <subfield code="r">2024-12-23 00:00:00</subfield>
    <subfield code="s">2024-11-23</subfield>
    <subfield code="t">1</subfield>
    <subfield code="v">125.00</subfield>
    <subfield code="y">CH</subfield>
  </datafield>
  <datafield tag="952" ind1=" " ind2=" ">
    <subfield code="0">0</subfield>
    <subfield code="1">0</subfield>
    <subfield code="4">0</subfield>
    <subfield code="7">0</subfield>
    <subfield code="8">NFIC</subfield>
    <subfield code="a">TN</subfield>
    <subfield code="b">TN</subfield>
    <subfield code="d">2013-12-02</subfield>
    <subfield code="e">BBB/IN10452/28.03.2013/202/20.03.2013/28.03.2013</subfield>
    <subfield code="g">125.00</subfield>
    <subfield code="l">1</subfield>
    <subfield code="o">546.6812 CHE</subfield>
    <subfield code="p">B-522040</subfield>
    <subfield code="r">2021-04-19 00:00:00</subfield>
    <subfield code="s">2021-04-05</subfield>
    <subfield code="t">1</subfield>
    <subfield code="v">125.00</subfield>
    <subfield code="y">CH</subfield>
  </datafield>
  <datafield tag="952" ind1=" " ind2=" ">
    <subfield code="0">0</subfield>
    <subfield code="1">0</subfield>
    <subfield code="4">0</subfield>
    <subfield code="7">0</subfield>
    <subfield code="8">NFIC</subfield>
    <subfield code="a">CJ</subfield>
    <subfield code="b">CJ</subfield>
    <subfield code="d">2013-12-02</subfield>
    <subfield code="e">BBB/IN10452/28.03.2013/202/20.03.2013/28.03.2013</subfield>
    <subfield code="g">125.00</subfield>
    <subfield code="l">2</subfield>
    <subfield code="o">546.6812 CHE</subfield>
    <subfield code="p">B-522041</subfield>
    <subfield code="r">2019-06-19 00:00:00</subfield>
    <subfield code="s">2019-06-06</subfield>
    <subfield code="t">1</subfield>
    <subfield code="v">125.00</subfield>
    <subfield code="y">CH</subfield>
  </datafield>
  <datafield tag="952" ind1=" " ind2=" ">
    <subfield code="0">0</subfield>
    <subfield code="1">0</subfield>
    <subfield code="4">0</subfield>
    <subfield code="7">0</subfield>
    <subfield code="8">NFIC</subfield>
    <subfield code="a">JP</subfield>
    <subfield code="b">JP</subfield>
    <subfield code="d">2013-12-02</subfield>
    <subfield code="e">BBB/IN10452/28.03.2013/202/20.03.2013/28.03.2013</subfield>
    <subfield code="g">125.00</subfield>
    <subfield code="l">20</subfield>
    <subfield code="m">2</subfield>
    <subfield code="o">546.6812 CHE</subfield>
    <subfield code="p">B-522042</subfield>
    <subfield code="r">2019-11-28 00:00:00</subfield>
    <subfield code="s">2019-11-23</subfield>
    <subfield code="t">1</subfield>
    <subfield code="v">125.00</subfield>
    <subfield code="y">CH</subfield>
  </datafield>
  <datafield tag="952" ind1=" " ind2=" ">
    <subfield code="0">0</subfield>
    <subfield code="1">0</subfield>
    <subfield code="4">0</subfield>
    <subfield code="7">0</subfield>
    <subfield code="8">NFIC</subfield>
    <subfield code="a">BN</subfield>
    <subfield code="b">BN</subfield>
    <subfield code="d">2013-12-02</subfield>
    <subfield code="e">BBB/IN10452/28.03.2013/202/20.03.2013/28.03.2013</subfield>
    <subfield code="g">125.00</subfield>
    <subfield code="l">2</subfield>
    <subfield code="o">546.6812 CHE</subfield>
    <subfield code="p">B-522043</subfield>
    <subfield code="r">2019-02-21 00:00:00</subfield>
    <subfield code="s">2019-02-14</subfield>
    <subfield code="t">1</subfield>
    <subfield code="v">125.00</subfield>
    <subfield code="y">CH</subfield>
  </datafield>
  <datafield tag="952" ind1=" " ind2=" ">
    <subfield code="0">0</subfield>
    <subfield code="1">0</subfield>
    <subfield code="4">0</subfield>
    <subfield code="7">0</subfield>
    <subfield code="8">NFIC</subfield>
    <subfield code="a">NRR</subfield>
    <subfield code="b">NRR</subfield>
    <subfield code="d">2013-12-02</subfield>
    <subfield code="e">BBB/IN10452/28.03.2013/202/20.03.2013/28.03.2013</subfield>
    <subfield code="g">125.00</subfield>
    <subfield code="l">0</subfield>
    <subfield code="o">546.6812 CHE</subfield>
    <subfield code="p">B-522044</subfield>
    <subfield code="r">2013-12-02 00:00:00</subfield>
    <subfield code="t">1</subfield>
    <subfield code="v">125.00</subfield>
    <subfield code="y">CH</subfield>
  </datafield>
  <datafield tag="952" ind1=" " ind2=" ">
    <subfield code="0">0</subfield>
    <subfield code="1">0</subfield>
    <subfield code="4">0</subfield>
    <subfield code="7">0</subfield>
    <subfield code="8">NFIC</subfield>
    <subfield code="a">NR</subfield>
    <subfield code="b">NR</subfield>
    <subfield code="d">2013-12-02</subfield>
    <subfield code="e">BBB/IN10452/28.03.2013/202/20.03.2013/28.03.2013</subfield>
    <subfield code="g">125.00</subfield>
    <subfield code="l">0</subfield>
    <subfield code="o">546.6812 CHE</subfield>
    <subfield code="p">B-522045</subfield>
    <subfield code="r">2013-12-02 00:00:00</subfield>
    <subfield code="t">1</subfield>
    <subfield code="v">125.00</subfield>
    <subfield code="y">CH</subfield>
  </datafield>
</record>
